000 00468nam a2200181Ia 4500
003 GCL
008 140319s9999 xx 000 0 eng d
040 _aGCL /
_cGCL
082 0 4 _a909.5
_bC P
100 1 _aCOMERON, AVERIL
245 1 0 _aPROCOPIUS AND THE SIXTH CENTURY /
_cCOMERON, AVERIL
260 _a[S.N] :
_bROUTLEDGE ،
_c1996
300 _a297 P
650 0 4 _aHISTORY
650 0 4 _aWORLD HISTORY
650 0 4 _aWORLD HISTORY - 16 CENTURY
942 _2ddc
_cBK
999 _c15214
_d15214